000
00213 a2200097 4500
001
45975
100
_a
Bennete A
245
_a
The week-end cricketer
260
_a
London
_b
Hutchinson's
_c
090
_c
29092
_d
29092
942
_a
NUST-CAE
_c
M
_c
21216
999
_c
281048
_d
281048